000 01115naa a22003257a 4500
001 BR8103235
003 BR-BrBNA
005 20240918174743.0
007 ta
008 230509b bl.||||| |||| 00| 0 por d
040 _aBR-BrBNA
_bpor
_cBiblioteca Nacional de Agricultura
041 _a(Pt)
072 _aF27
_b1850
_bG514
090 _aF27 BR8103235
100 1 _aGarrido, M.A.T.
100 1 _aFerreira, F.A.
100 1 _aCarvalho, V.D. de
245 1 _aEfeito de diferentes niveis de umidade do solo sobre o rendimento do tomateiro (Lycopersicon esculentum, Mill)na regiao Sul de Minas Gerais [Brasil]
260 3 _aBelo Horizonte (Brasil):
_c1981.
500 _aProjeto olericultura. Relatorio 77/78 Belo Horizonte (Brasil): 1981. p. 279-280 (BR8103235-AM)F27
650 _aCultivo do solo
650 _aTomate
650 _aUmidade do solo
650 _aRendimento
650 _aSul
650 _aMinas Gerais
773 0 _tProjeto olericultura. Relatorio 77/78
_wF27 BR8103235
_gBelo Horizonte (Brasil), 1981. p. 279-280
909 _a202404
_bLucia
_c55
_dLucia Elande
942 _cAM
_2AGRIS
999 _c313340
_d313340